[Event "FAI-chT2 2021"]
[Site "Faroe Islands"]
[Date "2020.10.18"]
[Round "3.3"]
[White "Christoffersen, Heri"]
[Black "Jacobsen, John"]
[Result "1/2-1/2"]
[WhiteElo "1661"]
[BlackElo "1853"]
[PlyCount "37"]
[EventDate "2020.10.04"]
[EventType "team-tourn"]
[EventRounds "10"]
[EventCountry "FAI"]
[SourceTitle "EXT 2022"]
[Source "ChessBase"]
[SourceDate "2021.10.06"]
[SourceVersion "1"]
[SourceVersionDate "2021.10.06"]
[SourceQuality "1"]
[WhiteTeam "Sandavagur II"]
[BlackTeam "Vestmanna"]
[WhiteTeamCountry "FAI"]
[BlackTeamCountry "FAI"]

1. d4 Nf6 2. c4 c5 3. d5 e6 4. Nc3 exd5 5. cxd5 d6 6. e3 g6 7. h3 Bg7 8. Be2 a6 9. a4 0-0 10. Nf3 Nbd7 11. 0-0 Re8 12. Qc2 Qe7 13. Ra2 b6 14. Bd3 Bb7 15. e4 Rac8 16. b3 Ne5 17. Nxe5 Qxe5 18. Bb2 Qe7 19. f3 1/2-1/2

[Event "FAI-chT2 1617"]
[Site "Faroe Islands"]
[Date "2017.02.12"]
[Round "7.3"]
[White "Isaksen, Reinhold"]
[Black "Christoffersen, Heri"]
[Result "1-0"]
[WhiteElo "1845"]
[BlackElo "1728"]
[PlyCount "81"]
[EventDate "2016.10.23"]
[EventType "team-tourn"]
[EventRounds "10"]
[EventCountry "FAI"]
[SourceTitle "EXT 2020"]
[Source "ChessBase"]
[SourceDate "2019.10.17"]
[SourceVersion "1"]
[SourceVersionDate "2019.10.17"]
[SourceQuality "1"]
[WhiteTeam "Gota"]
[BlackTeam "Sandavagur II"]
[WhiteTeamCountry "FAI"]
[BlackTeamCountry "FAI"]

1. e4 c5 2. Nf3 Nc6 3. d4 cxd4 4. Nxd4 g6 5. c4 Bg7 6. Be3 Nf6 7. Nc3 0-0 8. f3 d6 9. Qd2 Nxd4 10. Bxd4 Be6 11. b3 a6 12. Be2 Rc8 13. 0-0 Bd7 14. Rad1 Bc6 15. b4 b6 16. Qe3 Nd7 17. Bxg7 Kxg7 18. f4 b5 19. cxb5 Bxb5 20. Nxb5 axb5 21. Bxb5 Qb6 22. Qxb6 Nxb6 23. a4 Rc2 24. a5 Na8 25. Bd3 Rc3 26. b5 Ra3 27. a6 Rc8 28. Rf2 Rcc3 29. Be2 Kf8 30. Rb1 Nb6 31. Bf3 e6 32. Rfb2 Ke7 33. Kf2 Kd7 34. Ke2 Kc7 35. Ke1 Nc4 36. Rb4 Re3+ 37. Be2 Ra2 38. Rxc4+ Kb8 39. b6 Rexe2+ 40. Kd1 Rxg2 41. a7+ 1-0

[Event "FAI-chT3 1617"]
[Site "Faroe Islands"]
[Date "2017.01.28"]
[Round "5.1"]
[White "Hojgaard, Brandur"]
[Black "Christoffersen, Heri"]
[Result "1/2-1/2"]
[WhiteElo "1793"]
[BlackElo "1728"]
[PlyCount "43"]
[EventDate "2016.10.23"]
[EventType "team-tourn"]
[EventRounds "9"]
[EventCountry "FAI"]
[SourceTitle "EXT 2020"]
[Source "ChessBase"]
[SourceDate "2019.10.17"]
[SourceVersion "1"]
[SourceVersionDate "2019.10.17"]
[SourceQuality "1"]
[WhiteTeam "Runavik"]
[BlackTeam "Sandavagur III"]
[WhiteTeamCountry "FAI"]
[BlackTeamCountry "FAI"]

1. d4 d5 2. Nf3 Nf6 3. c4 e6 4. Nc3 Be7 5. e3 0-0 6. Be2 dxc4 7. Bxc4 c5 8. 0-0 a6 9. a4 Nc6 10. dxc5 Bxc5 11. Qe2 Qc7 12. Bd2 Bd7 13. Rfd1 Ne7 14. Be1 Bc6 15. Nd4 Rac8 16. Nxc6 Nxc6 17. f3 Rfd8 18. Bf2 Bd6 19. f4 Ne7 20. Ba2 Bb4 21. Rxd8+ Rxd8 22. Be1 1/2-1/2

[Event "FAI-chT2 1516"]
[Site "Faroe Islands"]
[Date "2016.04.03"]
[Round "9.1"]
[White "Eskildsen, Henrik"]
[Black "Christoffersen, Heri"]
[Result "1-0"]
[WhiteElo "1706"]
[BlackElo "1736"]
[PlyCount "127"]
[EventDate "2015.10.25"]
[EventType "team-tourn"]
[EventRounds "10"]
[EventCountry "FAI"]
[SourceTitle "EXT 2017"]
[Source "ChessBase"]
[SourceDate "2016.10.25"]
[SourceVersion "1"]
[SourceVersionDate "2016.10.25"]
[SourceQuality "1"]
[WhiteTeam "Gota"]
[BlackTeam "Sandavagur III"]
[WhiteTeamCountry "FAI"]
[BlackTeamCountry "FAI"]

1. e4 c5 2. Nf3 Nc6 3. d4 cxd4 4. Nxd4 a6 5. Nc3 e6 6. a3 Be7 7. Nb3 Nf6 8. Bd3 0-0 9. 0-0 b5 10. Be3 d6 11. h3 Bb7 12. Rc1 Rc8 13. Qe2 Ne5 14. Nd2 Nxd3 15. cxd3 Nd7 16. f4 f5 17. b4 Qe8 18. Kh2 Bf6 19. Ncb1 Qg6 20. Ba7 Bb2 21. Rxc8 Rxc8 22. Nf3 fxe4 23. dxe4 Bf6 24. Nbd2 Rc7 25. g3 Be7 26. f5 Qf7 27. Be3 e5 28. Bg5 Nf6 29. Bxf6 Bxf6 30. Qd3 Qd7 31. g4 Rc6 32. g5 Bd8 33. Nxe5 Qc7 34. Nxc6 Bxc6 35. Qe3 Be7 36. Nf3 d5+ 37. e5 Qd7 38. Nd4 Bb7 39. h4 Bd8 40. Kg2 Bb6 41. Qf4 Qc7 42. Rc1 Qb8 43. f6 gxf6 44. gxf6 Qe8 45. Kh2 Qh5 46. f7+ Qxf7 47. Rg1+ Kf8 48. Ne6+ Ke8 49. Qxf7+ Kxf7 50. Ng5+ Ke7 51. Re1 h6 52. Nf3 d4 53. Kg3 Ke6 54. Kf4 Bd5 55. Rg1 Kf7 56. Rd1 Bb3 57. Rxd4 Bxd4 58. Nxd4 Bd5 59. Kf5 Ba2 60. e6+ Ke7 61. Ke5 h5 62. Nc6+ Ke8 63. Kf6 Bc4 64. Nb8 1-0

[Event "FAI-chT 1516"]
[Site "Faroe Islands"]
[Date "2015.10.31"]
[Round "2.3"]
[White "Rasmussen, Steintor"]
[Black "Christoffersen, Heri"]
[Result "1-0"]
[WhiteElo "2101"]
[BlackElo "1759"]
[PlyCount "83"]
[EventDate "2015.10.25"]
[EventType "team-tourn"]
[EventRounds "10"]
[EventCountry "FAI"]
[SourceTitle "EXT 2017"]
[Source "ChessBase"]
[SourceDate "2016.10.25"]
[SourceVersion "1"]
[SourceVersionDate "2016.10.25"]
[SourceQuality "1"]
[WhiteTeam "Klaksvik"]
[BlackTeam "Sandavagur II"]
[WhiteTeamCountry "FAI"]
[BlackTeamCountry "FAI"]

1. d4 d5 2. c4 e6 3. Nc3 Nf6 4. Bg5 Be7 5. e3 0-0 6. Nf3 Nbd7 7. Qc2 c5 8. cxd5 cxd4 9. Nxd4 Nxd5 10. Bxe7 Nxe7 11. Bd3 Nf6 12. 0-0 Bd7 13. Rfd1 a6 14. Nf3 Qc7 15. Rac1 Rac8 16. Qe2 Qa5 17. e4 Bc6 18. e5 Bxf3 19. gxf3 Nfd5 20. Qe4 g6 21. Nxd5 Qxd5 22. Rxc8 Rxc8 23. Qxd5 exd5 24. Kg2 Rc5 25. f4 Nc6 26. Kf3 Ne7 27. Rd2 Kg7 28. Rc2 Rxc2 29. Bxc2 f5 30. Ke3 Kf7 31. Kd4 Ke6 32. Bb3 b6 33. Ba4 h6 34. h4 g5 35. fxg5 hxg5 36. hxg5 Ng6 37. Bb3 Nxe5 38. Bxd5+ Kd6 39. Bb7 a5 40. f4 Ng6 41. Ke3 Nf8 42. Bc8 1-0

[Event "FAI-chT2 1415"]
[Site "Faroe Islands"]
[Date "2014.11.02"]
[Round "2.3"]
[White "Christoffersen, Heri"]
[Black "Stora, Borgar J"]
[Result "1/2-1/2"]
[WhiteElo "1756"]
[BlackElo "1337"]
[PlyCount "94"]
[EventDate "2014.10.26"]
[EventType "team-tourn"]
[EventRounds "10"]
[EventCountry "FAI"]
[SourceTitle "CBM 163 Extra"]
[Source "ChessBase"]
[SourceDate "2014.12.23"]
[SourceVersion "1"]
[SourceVersionDate "2014.12.23"]
[SourceQuality "1"]
[WhiteTeam "Sandavagur II"]
[BlackTeam "Vestmanna II"]
[WhiteTeamCountry "FAI"]
[BlackTeamCountry "FAI"]

1. d4 d5 2. g3 Nf6 3. Bg2 g6 4. Nf3 Bg7 5. 0-0 e6 6. Nbd2 0-0 7. c3 Nbd7 8. Re1 c6 9. e4 Nxe4 10. Nxe4 dxe4 11. Rxe4 Nf6 12. Bg5 Qd7 13. Ne5 Qe8 14. Bxf6 Bxf6 15. f4 Bg7 16. Re2 f5 17. Qb3 Qd8 18. Nf3 Bf6 19. Rae1 Re8 20. h4 Qd5 21. Qxd5 cxd5 22. Ng5 Bxg5 23. hxg5 Rb8 24. Bxd5 Kf7 25. Bb3 Bd7 26. Kf2 b6 27. Re5 Rbc8 28. d5 exd5 29. Bxd5+ Kf8 30. Rxe8+ Bxe8 31. Bb3 Bf7 32. Bxf7 Kxf7 33. Re5 Rd8 34. Ke2 Rd7 35. Re3 Kg7 36. Rd3 Re7+ 37. Kd2 h6 38. gxh6+ Kxh6 39. b4 g5 40. a4 Kh5 41. Re3 Rd7+ 42. Ke2 gxf4 43. gxf4 Kg4 44. c4 Rd4 45. Rc3 Kxf4 46. c5 bxc5 47. bxc5 Rd7 1/2-1/2

[Event "FAI-chT 1213"]
[Site "Faroe Islands"]
[Date "2012.10.28"]
[Round "1.3"]
[White "Nielsen, Hogni Egilstoft"]
[Black "Christoffersen, Heri"]
[Result "1-0"]
[WhiteElo "2064"]
[BlackElo "1788"]
[PlyCount "41"]
[EventDate "2012.10.28"]
[EventType "team-tourn"]
[EventRounds "10"]
[EventCountry "FAI"]
[SourceTitle "EXT 2014"]
[Source "ChessBase"]
[SourceDate "2013.11.20"]
[SourceVersion "1"]
[SourceVersionDate "2013.11.20"]
[SourceQuality "1"]
[WhiteTeam "Sandavagur"]
[BlackTeam "Sandavagur II"]
[WhiteTeamCountry "FAI"]
[BlackTeamCountry "FAI"]

1. e4 c5 2. c3 a6 3. d4 cxd4 4. cxd4 d6 5. Nc3 g6 6. Be3 Bg7 7. Bc4 Nf6 8. e5 dxe5 9. dxe5 Qxd1+ 10. Rxd1 Ng4 11. Nd5 Bxe5 12. Nb6 Nxe3 13. fxe3 Bg4 14. Rd5 Bxb2 15. Nxa8 0-0 16. Nb6 Bc3+ 17. Kf2 Bf5 18. Nf3 Be4 19. Rc5 Bb4 20. Rc8 Rxc8 21. Nxc8 1-0